Programming in standard fortran '77

Αποθηκεύτηκε σε:
Λεπτομέρειες βιβλιογραφικής εγγραφής
Κύριος συγγραφέας: Balfour, A. (Alexander)
Άλλοι συγγραφείς: Marwick, D. H. (David Howie) 1942-
Μορφή: Βιβλίο
Γλώσσα:English
Δημοσίευση: London : Heinemann, 1987
Θέματα:
Ετικέτες: Προσθήκη ετικέτας
Δεν υπάρχουν, Καταχωρήστε ετικέτα πρώτοι!

MARC

LEADER 00000nam a2200000 i 4500
001 1/32877
008 941103s1987 eng d
020 |a 0435774867 
035 |a 1987  |l 10039216 
040 |a GR-MY-UA  |b gre  |e aacr 
041 0 |a eng 
082 0 |a 005.133 
100 1 |a Balfour, A.  |q (Alexander) 
245 1 0 |a Programming in standard fortran '77 /  |c A. Balfour, D.H. Marwick 
260 |a London :   |b Heinemann,   |c 1987 
300 |a 388 p.;  |c 24 cm. 
500 |a Includesindex 
650 0 0 |a FORTRAN (Computer program language) 
700 1 |a Marwick, D. H.  |q (David Howie)  |d 1942- 
852 |a INST  |b SAMOS  |e 19941103  |h 005.133 BAL  |p 005300002189  |q 005300002189  |t BK  |y 0 
909 |a Σ  |b 009092